| 000 | 00729nam a22001337a 4500 | ||
|---|---|---|---|
| 040 | _cRRUA | ||
| 082 | _aAGR KEA 2017 B633 Or.1 | ||
| 100 | _aKEAN VICHET គារ វិចិត្រ | ||
| 245 | _acomparison of neem oil rate on diamonback moth and flea beetle management in chines kale ការប្រៀបធៀបកម្រិតទឹកល្ពៅក្នុងការគ្រប់គ្រងវត្តមានដង្កូវយោងទោលនិងទៀកគូលើដំណាំខាត់ណាដើម | ||
| 260 |
_aRUA _bphnom penh _c2017 |
||
| 300 |
_aviii;30p _bill; _c29cm |
||
| 856 | _uhttps://drive.google.com/file/d/1j-cfUTntYsEHk_oOeEchiTBPMHYL5xDj/view?usp=sharing | ||
| 942 | _cAGR | ||
| 999 |
_c17960 _d17960 |
||